Least LGBTQ+ Supportive U.S. States 2025 - Statistics

General Stats
  • This quiz has been taken 92 times
  • The average score is 19 of 23
Answer Stats
State Gay Travel Index % Correct
Texas -1
96%
Florida -2
94%
Alabama -4
90%
Kansas -1
89%
South Carolina 0
88%
Mississippi -4
87%
Arkansas 0
85%
Idaho 0
85%
Kentucky -1
85%
Tennessee -4
85%
West Virginia -3
85%
North Carolina -2
83%
North Dakota -2
83%
Oklahoma -6
83%
South Dakota -2
83%
Alaska 0
82%
Indiana 0
82%
Iowa -1
82%
Montana -5
80%
Wyoming -1
80%
Louisiana 0
79%
Nebraska -1
77%
Missouri 0
74%
No matching quizzes found
Score Distribution
Percent of People with Each Score
Percentile by Number Answered
Your Score History
You have not taken this quiz